Wszystkie miasta na prawach powiatu w Polsce - Statystyki

Ogólne statystyki
  • Ten quiz został rozwiązany 22 razy
  • Średni wynik to 58 z 66
Statystyki odpowiedzi
Województwo Odpowiedź Populacja % Poprawnych
Śląskie Bielsko-Biała 172 030
95%
Kujawsko-Pomorskie Bydgoszcz 353 938
95%
Pomorskie Gdynia 246 991
95%
Śląskie Gliwice 182 156
95%
Śląskie Katowice 298 111
95%
Małopolskie Kraków 765 320
95%
Łódzkie Łódz 696 503
95%
Lubelskie Lublin 340 466
95%
Małopolskie Nowy Sącz 83 993
95%
Opolskie Opole 118 722
95%
Mazowieckie Płock 121 295
95%
Podkarpackie Przemyśl 62 154
95%
Mazowieckie Radom 215 020
95%
Podkarpackie Rzeszów 187 422
95%
Małopolskie Tarnów 110 110
95%
Kujawsko-Pomorskie Toruń 202 521
95%
Dolnośląskie Wrocław 637 683
95%
Podlaskie Białystok 296 628
91%
Śląskie Bytom 169 617
91%
Lubelskie Chełm 63 734
91%
Śląskie Częstochowa 226 225
91%
Warmińsko-Mazurskie Elbląg 121 191
91%
Pomorskie Gdańsk 463 754
91%
Lubuskie Gorzów Wielkopolski 123 995
91%
Kujawsko-Pomorskie Grudziądz 95 964
91%
Dolnośląskie Jelenia Góra 80 524
91%
Świętokrzyskie Kielce 197 704
91%
Zachodnio-Pomorskie Koszalin 107 680
91%
Dolnośląskie Legnica 100 718
91%
Warmińsko-Mazurskie Olsztyn 172 993
91%
Łódzkie Piotrków Trybunalski 74 694
91%
Mazowieckie Siedlce 77 020
91%
Pomorskie Słupsk 91 935
91%
Podlaskie Suwałki 69 626
91%
Dolnośląskie Wałbrzych 114 568
91%
Mazowieckie Warszawa 1 753 977
91%
Lubelskie Zamość 64 648
91%
Lubuskie Zielona Góra 139 330
91%
Śląskie Chorzów 109 398
86%
Podlaskie Łomża 62 802
86%
Wielkopolskie Poznań 540 372
86%
Śląskie Ruda Śląska 139 125
86%
Łódzkie Skierniewice 48 327
86%
Zachodnio-Pomorskie Szczecin 404 878
86%
Podkarpackie Tarnobrzeg 47 595
86%
Śląskie Tychy 128 351
86%
Kujawsko-Pomorskie Włocławek 112 483
86%
Wielkopolskie Kalisz 102 249
82%
Wielkopolskie Konin 75 342
82%
Podkarpackie Krosno 46 565
82%
Śląskie Mysłowice 74 592
82%
Mazowieckie Ostrołęka 52 337
82%
Śląskie Rybnik 139 252
82%
Pomorskie Sopot 36 849
82%
Śląskie Sosnowiec 205 873
82%
Lubelskie Biała Podlaska 57 303
77%
Śląskie Dąbrowa-Górnicza 121 802
77%
Wielkopolskie Leszno 64 159
77%
Zachodnio-Pomorskie Świnoujście 41 115
77%
Śląskie Zabrze 175 459
77%
Śląskie Żory 62 013
77%
Śląskie Jastrzębie-Zdrój 89 883
73%
Śląskie Jaworzno 92 473
73%
Śląskie Siemianowice Śląskie 67 905
73%
Śląskie Świętochłowice 50 644
73%
Śląskie Piekary Śląskie 55 954
68%
Nie znaleziono quizów pasujących do podanych kryteriów
Rozkład punktacji
Procent ludzi z każdym wynikiem
Percentyl według liczby udzielonych odpowiedzi
Twoja historia wyników
Nie rozwiązałeś tego quizu